| 000 | 00000nas##2200000za#4500 |
|---|---|
| 001 | 9.512865 |
| 003 | CaOODSP |
| 005 | 20210615082726 |
| 007 | ta |
| 008 | 150406c1997||||xxc|| m #||||f| |0fre|d |
| 040 | |aCaOODSP|bfre |
| 043 | |an-cn--- |
| 086 | 1 |aCC173-3/2F |
| 110 | 2 |aCommission canadienne de sûreté nucléaire. |
| 245 | 10|aGuide d'application de la réglementation |
| 260 | |aOttawa - Ontario : |bCommission canadienne de sûreté nucléaire |
| 310 | |aIrrégulier |
| 563 | |aCouverture souple |
| 775 | 08|tRegulatory guide |w(CaOODSP)9.514451 |
| 776 | 0#|tGuide d'application de la réglementation |w(CaOODSP)9.501114 |